Economia de la administración de empresas (Registro nro. 8351)
[ vista simple ]
| 000 -LEADER | |
|---|---|
| fixed length control field | 01163 a2200229 4500 |
| 001 - CONTROL NUMBER | |
| control field | 63910 |
| 005 - DATE AND TIME OF LATEST TRANSACTION | |
| control field | 20260407155938.0 |
| 008 - FIXED-LENGTH DATA ELEMENTS--GENERAL INFORMATION | |
| fixed length control field | 260407a1967 arg spa d |
| 003 - CONTROL NUMBER IDENTIFIER | |
| control field | AR-UNSa-BCEJYS |
| 040 ## - CATALOGING SOURCE | |
| Original cataloging agency | AR-UNSa-BCEJYS |
| Language of cataloging | spa |
| Transcribing agency | AR-UNSa-BCEJYS |
| 080 ## - UNIVERSAL DECIMAL CLASSIFICATION NUMBER | |
| Universal Decimal Classification number | 658.15 |
| Common auxiliary subdivision | Administración financiera privada. Gestión financiera de empresas<br/> |
| 041 ## - LANGUAGE CODE | |
| Language code of text/sound track or separate title | spa |
| 100 1# - MAIN ENTRY--PERSONAL NAME | |
| Personal name | Spencer, Milton H. |
| 245 10 - TITLE STATEMENT | |
| Title | Economia de la administración de empresas |
| Name of part/section of a work | Adopción de decisiones y planeación |
| 264 #1 - PRODUCTION, PUBLICATION, DISTRIBUTION, MANUFACTURE, AND COPYRIGHT NOTICE | |
| Place of production, publication, distribution, manufacture | México : |
| Name of producer, publisher, distributor, manufacturer | Unión Tipográfica Editorial Hispano-Americana (UTEHA) |
| Date of production, publication, distribution, manufacture, or copyright notice | 1967 |
| 300 ## - PHYSICAL DESCRIPTION | |
| Extent | x, 582 p. |
| Dimensions | 23 cm. |
| 505 ## - FORMATTED CONTENTS NOTE | |
| Formatted contents note | 1. La incertidumbre en las decisiones de la gerencia - 2. Métodos de predicción - 3. Medición económica - 4. Administración de las utilidades - 5. Análisis de la demanda. pronóstico de ventas - 6. Administración de la producción - 7. Análisis de costos - 8. Prácticas y políticas de precios - 9. Competencia y control - 10. Gerencia del capital - 11. Gerencia del capital (continuación) - |
| 590 ## - LOCAL NOTE (RLIN) | |
| Local note | niveau_biblio:m niveau_hierar:0 |
| 700 1# - ADDED ENTRY--PERSONAL NAME | |
| Personal name | Siegelman, Louis |
| 700 1# - ADDED ENTRY--PERSONAL NAME | |
| Personal name | Z. de Equihua, Clementina |
| 942 ## - ADDED ENTRY ELEMENTS (KOHA) | |
| Koha item type | |
| Withdrawn status | Lost status | Damaged status | Not for loan | Home library | Current library | Shelving location | Date acquired | Total checkouts | Full call number | Barcode | Date last seen | Price effective from | Koha item type |
|---|---|---|---|---|---|---|---|---|---|---|---|---|---|
| Biblioteca Prof. Eusebio Cleto del Rey | Biblioteca Prof. Eusebio Cleto del Rey | 07/04/2026 | 658.15 S744 | L21718 | 07/04/2026 | 07/04/2026 | Libro | ||||||
| Biblioteca Prof. Eusebio Cleto del Rey | Biblioteca Prof. Eusebio Cleto del Rey | 07/04/2026 | 658.15 S744 | L21719 | 07/04/2026 | 07/04/2026 | Libro |